| 000 | 01158njm a22002897a 4500 | ||
|---|---|---|---|
| 005 | 2010090903563.0 | ||
| 007 | sd ammalaaahaa | ||
| 008 | 100901t xxu||||| |||| 00| 0 hin d | ||
| 028 |
_aN. 1711 _bHis Master's Voice |
||
| 028 | _bHis Master's Voice | ||
| 035 | _aGR-03034 | ||
| 040 | _aSED/VEN | ||
| 100 |
_917815 _aKaur, Surendra |
||
| 245 |
_aPunjabi / _cby Surender kaur ; music by K. pannalal _h[sound recording] : |
||
| 246 | _aपंजाबी/सुरेंदर कौर द्वारा | ||
| 260 |
_aDum Dum, India _bHis Master's Voice _c1966 |
||
| 300 |
_a1 sound disc : _banalog, 33 1/3 rpm _c10 in. |
||
| 500 | G | _aBrief record | |
| 505 | _aSide-1 नि में क्यों कर जावान काबे (Ni main kyon kar jawan kaabe), Side-2 दाची वाला मोढ़ मोहर वे (Dachi wala morh mohar ve) (Kafi bulle shah) | ||
| 650 |
_aClassical music _xExcerpts _zIndia _917813 |
||
| 700 |
_918219 _a Pawan lal, K |
||
| 700 | _918220 | ||
| 700 | _919143 | ||
| 710 | _919101 | ||
| 942 |
_2ddc _cGR |
||
| 999 |
_c46351 _d46351 |
||